书目信息 |
| 题名: |
中国民办教育政策分析
|
|
| 作者: | 袁振国 , 周彬 著 | |
| 分册: | ||
| 出版信息: | 北京 中国社会科学出版社 2003.05 |
|
| 页数: | 394页 | |
| 开本: | 20cm | |
| 丛书名: | 七方民办教育丛书 | |
| 单 册: | ||
| 中图分类: | G , G522.74 | |
| 科图分类: | ||
| 主题词: | 教育事业--世界 | |
| 电子资源: | ||
| ISBN: | 7-5004-3814-1 | |
| 000 | 00715nam0 2200241 45 | |
| 001 | 0458878142 | |
| 005 | 2004031716211787 | |
| 010 | @a7-5004-3814-1@dRMB 29.20 | |
| 100 | @a20040317d2003 km y0chiy0120 ea | |
| 101 | 0 | @achi |
| 102 | @aCN@b110000 | |
| 200 | 1 | @a中国民办教育政策分析@AZhong Guo Min Ban Jiao Yu Zheng Ce Fen Xi@f袁振国,周彬著@FYuan Zhen Guo,Zhou Bin Zhu |
| 210 | @a北京@c中国社会科学出版社@d2003.05 | |
| 215 | @a394页@d20cm | |
| 225 | 2 | @a七方民办教育丛书 |
| 410 | 0 | @12001 @a七方民办教育丛书 |
| 606 | 0 | @a教育事业@x世界 |
| 690 | @aG@v3 | |
| 690 | @aG522.74@v4 | |
| 701 | 0 | @a袁振国@AYuan Zhen Guo@4著 |
| 701 | 0 | @a周彬@AZhou Bin@4著 |
| 801 | 0 | @aCN@bPFT@c20040317 |
| 905 | @a@dG522.74@eY921 | |
| 中国民办教育政策分析/袁振国,周彬著.-北京:中国社会科学出版社,2003.05 |
| 394页;20cm.-(七方民办教育丛书) |
| ISBN 7-5004-3814-1:RMB 29.20 |
| ● |
| 相关链接 |
|
|
|
正题名:中国民办教育政策分析
索取号:G522.74/Y921
 
预约/预借
| 序号 | 登录号 | 条形码 | 馆藏地/架位号 | 状态 | 备注 |
| 1 | 374843 | 203748436 | 社科库409/409社科库 5排3列3层/ [索取号:G522.74/Y921] | 在馆 |